Biggest American Cities that End in R on a Map - Statistics

General Stats
  • This quiz has been taken 198 times
  • The average score is 8 of 14
Answers on the Map
Answers color-coded by a green-red scale on the quiz's map according to % correct below.
 
Answer Stats
Population City % Correct
715,522 Denver
98%
211,328 Rochester
88%
121,395 Rochester
88%
115,644 Manchester
72%
206,518 Worcester
70%
123,851 Ann Arbor
66%
108,250 Boulder
60%
275,987 Chandler
57%
190,915 Vancouver
51%
117,292 Clearwater
38%
105,995 Tyler
36%
134,721 Miramar
30%
116,317 Westminster
29%
173,516 Lancaster
27%
No matching quizzes found
Score Distribution
Percent of People with Each Score
Percentile by Number Answered
Your Score History
You have not taken this quiz